000 00443nab a2200145Ia 4500
003 ES-SlBCS
005 20210601132053.0
008 140529s1999 xxu||||| |||| 00| 0 ger d
041 _ager
100 1 _aRiedenauer, Markus
_9191412
245 0 0 _aFrieden für Jerusalem. Theologische Reflexionen
_c Markus Riedenauer
651 4 _aJerusalén
_992390
773 0 _tNeue Ordnung (Die)
_gvol. 53, nº. 3, 1999, págs. 186-199
_wRev294
942 _cAR
999 _c573775
_d573775